Countries by Smallest Alphabetical Value Quiz Stats

 Plays Quiz Updated Oct 18, 2016

Challenge
Share
Tweet
Embed
Score 0/20 Timer 05:00
0 Plays Today
Value Country % Correct
35China
78.6%
24Canada
75%
42Japan
74.4%
42Iran
68.6%
45Iraq
67.2%
16Chad
66.4%
27Cuba
65.8%
37Chile
65.3%
37India
65%
34Fiji
60.8%
Value Country % Correct
43Oman
58.7%
35Mali
55.3%
43Greece
45%
31Ghana
44.7%
44Benin
42.9%
40Albania
38.3%
39Gabon
29.1%
45Bahamas
28.7%
33Gambia
23.4%
38Jamaica
19.7%

You're not logged in!

Compare scores with friends on all Sporcle quizzes.
Join for Free
OR
Log In

You Might Also Like...

Show Comments

Extras

Top Quizzes Today


Score Distribution

Your Account Isn't Verified!

In order to create a playlist on Sporcle, you need to verify the email address you used during registration. Go to your Sporcle Settings to finish the process.

Report this User

Report this user for behavior that violates our Community Guidelines.

Details: